Handbook of steel drainage & highway construction products. (Record no. 547483)

000 -LEADER
fixed length control field 00985cam a2200217 4500
082 00 - DEWEY DECIMAL CLASSIFICATION NUMBER
Classification number 625.734
Author Mark HAN
-- D
245 00 - TITLE STATEMENT
Title Handbook of steel drainage & highway construction products.
Statement of responsibility, etc. Prepared under direction of the Highway Task Force for Committee of Galvanized Sheet Producers [and] Committee of Hot Rolled and Cold Rolled Sheet and Strip Producers.
250 ## - EDITION STATEMENT
Edition statement 2d ed.
260 ## - PUBLICATION, DISTRIBUTION, ETC.
Place of publication, distribution, etc. New York,
Name of publisher, distributor, etc. American Iron and Steel Institute,
Date of publication, distribution, etc. 1971.
300 ## - PHYSICAL DESCRIPTION
Extent 348 p.
Other physical details illus.
Dimensions 24 cm.
526 ## - STUDY PROGRAM INFORMATION NOTE
Program name 0
Interest level 0
Reading level 0
Title point value 625_734000000000000_HAN
650 #0 - SUBJECT ADDED ENTRY--TOPICAL TERM
Topical term or geographic name entry element Culverts
General subdivision Handbooks, manuals, etc.
9 (RLIN) 43668
650 #0 - SUBJECT ADDED ENTRY--TOPICAL TERM
Topical term or geographic name entry element Drainage
General subdivision Handbooks, manuals, etc.
9 (RLIN) 43669
650 #0 - SUBJECT ADDED ENTRY--TOPICAL TERM
Topical term or geographic name entry element MCE
9 (RLIN) 379
650 #0 - SUBJECT ADDED ENTRY--TOPICAL TERM
Topical term or geographic name entry element Roads
General subdivision Accessories
-- Handbooks, manuals, etc.
9 (RLIN) 43670
650 #0 - SUBJECT ADDED ENTRY--TOPICAL TERM
Topical term or geographic name entry element Steel, Structural
General subdivision Handbooks, manuals, etc.
9 (RLIN) 38842
710 2# - ADDED ENTRY--CORPORATE NAME
Corporate name or jurisdiction name as entry element American Iron and Steel Institute.
9 (RLIN) 6043
710 2# - ADDED ENTRY--CORPORATE NAME
Corporate name or jurisdiction name as entry element American Iron and Steel Institute.
9 (RLIN) 6043
710 2# - ADDED ENTRY--CORPORATE NAME
Corporate name or jurisdiction name as entry element American Iron and Steel Institute.
9 (RLIN) 6043
942 ## - ADDED ENTRY ELEMENTS (KOHA)
Source of classification or shelving scheme
Koha item type Book
Holdings
Withdrawn status Lost status Source of classification or shelving scheme Damaged status Not for loan Permanent Location Current Location Date acquired Total Checkouts Full call number Barcode Date last seen Price effective from Koha item type
          Military College of Engineering (MCE) Military College of Engineering (MCE) 07/18/2014   625.734 HAN MCE-41939 07/18/2014 07/18/2014 Book
© 2023 Central Library, National University of Sciences and Technology. All Rights Reserved.